Production and Characterization of biochar from Sugarcane Bagasse (Record no. 67405)

MARC details
000 -LEADER
fixed length control field 00311nam a22001097a 4500
100 ## - MAIN ENTRY--AUTHOR NAME
Personal name Nadeem Ali Juno
-- 19-17MEEE07
245 ## - TITLE STATEMENT
Title Production and Characterization of biochar from Sugarcane Bagasse
260 ## - PUBLICATION, DISTRIBUTION, ETC. (IMPRINT)
Place of publication Nawabshah
Name of publisher QUEST
Year of publication 2021
300 ## - PHYSICAL DESCRIPTION
Number of Pages 37p.
856 ## - ELECTRONIC LOCATION AND ACCESS
Uniform Resource Identifier https://tinyurl.com/y4rkmdcx
942 ## - ADDED ENTRY ELEMENTS (KOHA)
Koha item type Thesis and Dissertation
Holdings
Withdrawn status Lost status Home library Current library Date acquired Accession Number Koha item type
    Research Section Research Section 11/01/2022 MP/73-984 Thesis and Dissertation
    Research Section Research Section 11/01/2022 MP/73-985 Thesis and Dissertation
    Research Section Research Section 11/01/2022 MP/73-986 Thesis and Dissertation